|
|
|
|
| LEADER |
02466nam a22004093i 4500 |
| 001 |
EBC7101382 |
| 003 |
MiAaPQ |
| 005 |
20240729202204.0 |
| 006 |
m o d | |
| 007 |
cr cnu|||||||| |
| 008 |
240729s2014 xx o ||||0 ger d |
| 020 |
|
|
|a 9783428574636
|q (electronic bk.)
|
| 020 |
|
|
|z 9783428174638
|
| 035 |
|
|
|a (MiAaPQ)EBC7101382
|
| 035 |
|
|
|a (Au-PeEL)EBL7101382
|
| 035 |
|
|
|a (OCoLC)1347025007
|
| 040 |
|
|
|a MiAaPQ
|b eng
|e rda
|e pn
|c MiAaPQ
|d MiAaPQ
|
| 100 |
1 |
|
|a Thiel, Hugo.
|
| 245 |
1 |
0 |
|a Eduard Pfeiffer und Die Deutsche Konsumgenossenschaftsbewegung :
|b Untersuchungen über Konsumvereine. Hrsg. Von Hugo Thiel - Robert Wilbrandt. Monographien Aus Dem Konsumvereinswesen. Erster Teil. (Schriften des Vereins Für Sozialpolitik 151-I).
|
| 250 |
|
|
|a 1st ed.
|
| 264 |
|
1 |
|a Berlin :
|b Duncker & Humblot,
|c 2014.
|
| 264 |
|
4 |
|c {copy}1915.
|
| 300 |
|
|
|a 1 online resource (187 pages)
|
| 336 |
|
|
|a text
|b txt
|2 rdacontent
|
| 337 |
|
|
|a computer
|b c
|2 rdamedia
|
| 338 |
|
|
|a online resource
|b cr
|2 rdacarrier
|
| 490 |
1 |
|
|a Duncker and Humblot Reprints Series
|
| 505 |
0 |
|
|a Intro -- Vorwort der Herausgeber -- Vorbemerkung -- Inhaltsangabe -- Einleitung -- A. Eduard Pfeiffer als Theoretiker -- 1. Über Genossenschaftswesen (1863) -- 2. Pfeiffer als Begründer des Kooperatismus („Genossenschafts- Sozialismus") in Deutschland -- B. Eduard Pfeiffer als Praktiker, Agitator und Organisator -- 1. Gründung (1864) und Leitung des Stuttgarter Konsumvereins -- 2. „Die Consumvereine", 1. Auflage (1865) -- 3. „Die Consumvereine", 2. Auflage (1869) -- 4. Der Verband Deutscher Consumvereine (1867 gegründet) -- C. Die weitere Entwicklung der Pfeifferschen Konsumvereinsschöpfungen -- Schluß -- Quellennachweis und Literatur.
|
| 588 |
|
|
|a Description based on publisher supplied metadata and other sources.
|
| 590 |
|
|
|a Electronic reproduction. Ann Arbor, Michigan : ProQuest Ebook Central, 2024. Available via World Wide Web. Access may be limited to ProQuest Ebook Central affiliated libraries.
|
| 655 |
|
4 |
|a Electronic books.
|
| 700 |
1 |
|
|a Wilbrandt, Robert.
|
| 700 |
1 |
|
|a Bittel, Karl.
|
| 776 |
0 |
8 |
|i Print version:
|a Thiel, Hugo
|t Eduard Pfeiffer und Die Deutsche Konsumgenossenschaftsbewegung
|d Berlin : Duncker & Humblot,c2014
|z 9783428174638
|
| 797 |
2 |
|
|a ProQuest (Firm)
|
| 830 |
|
0 |
|a Duncker and Humblot Reprints Series
|
| 856 |
4 |
0 |
|u https://ebookcentral.proquest.com/lib/matrademy/detail.action?docID=7101382
|z Click to View
|